Втора книга за джунглата (Запис номер 10610)
[ съкратено ]
| 000 -Лидер | |
|---|---|
| Контролно поле с фиксирана дължина | 01572nam a2200337 c 4500 |
| 003 - Код на организацията, давaща контролен номер | |
| Контролно поле | BLK |
| 005 - Дата и час на последна редакция | |
| Контролно поле | 20250617182114.0 |
| 008 - Елементи от данни с фиксирана дължина | |
| fixed length control field | 180412b bul|||||r ||||||| ||bul|| |
| 010 ## - Наследен системен номер | |
| LC control number | KNG00012111000 |
| 020 ## - Международен стандартен номер на книга ISBN | |
| Международен стандартен номер на книга ISBN | 954-527-051-9 |
| -- | издат.: Дамян Яков |
| 040 ## - Източник на каталожния запис | |
| Идентификатор на билиотеката - собственик на записа | BLK |
| 041 ## - Код за език | |
| Код за езика на текст/звукозапис или на отделно заглавие | Български |
| Код за езика КДБФ | Български |
| 080 ## - УДК | |
| Текстов определител УДК | Английска литература |
| УДК код - определител по УДК | 821.111 |
| УДК определител | -93-31 |
| УДК - код + определител | 821.111-93-31 |
| 100 1# - Редна дума - Автор | |
| Автор | Киплинг, Джоузеф Ръдиард |
| Авторска отговорност | първи автор |
| R(LIN) | 364412 |
| 139 ## - Редно поле | |
| Редна дума | Киплинг, Джоузеф Ръдиард |
| Авторски знак | Кип - К 55 |
| 245 10 - Сведения за заглавието | |
| Заглавие | Втора книга за джунглата |
| Подзаглавни данни | Роман за деца |
| Редно поле (дума) | Джоузеф Ръдиард Киплинг; прев. от англ. Дона Гогова; прев. на стиховете Светлозар Бахчеванов; худож. Мирчо Якобов. |
| 257 ## - Страна на издаване | |
| Страна на създаване/издаване | Великобритания |
| 260 ## - Област на издателските данни | |
| -- | София |
| Име на издателя, разпространителя и проч. | Дамян Яков |
| Година на издаване | 1996 |
| Печатница | Враца : Полипринт |
| 300 ## - Физическа характеристика | |
| Страници | 200 с. |
| Илюстрации и др. | с ил. |
| Размери/Мащаб | 22 см |
| 380 ## - Жанр | |
| Жанр | Детска худож. лит. |
| 500 ## - Общи забележки | |
| Забележка | Деп. списък: 14. - Ориг. загл. Second Jungle book / Rudyard Kipling. - 4 000 тир. |
| 700 1# - Други автори (авторска отговорност) | |
| Лично име | Гогова, Дона |
| Автороска отговорност (Описва отношението между автора и произведението) | прев. от англ. |
| 9 (RLIN) | 255699 |
| 700 1# - Други автори (авторска отговорност) | |
| Лично име | Бахчеванов, Светлозар |
| Автороска отговорност (Описва отношението между автора и произведението) | прев. на стиховете |
| 9 (RLIN) | 364413 |
| 700 1# - Други автори (авторска отговорност) | |
| Лично име | Якобов, Мирчо |
| Автороска отговорност (Описва отношението между автора и произведението) | худож. |
| 9 (RLIN) | 145234 |
| 852 ## - Местоположение | |
| Форматна сигнатура | Цб 188650 |
| 856 4# - Електронен адрес и достъп | |
| Електронен формат | pdf - файл |
| Път до файла /url/ | |
| 856 4# - Електронен адрес и достъп | |
| Електронен формат | pdf - файл |
| Път до файла /url/ | |
| 942 ## - АРТИКУЛИ | |
| Вид на библиотечния материал | Книги |
| Скрит в OPAC | Не |
| Koha issues (borrowed), all copies | 3 |
| 944 ## - СЪЗДАВАНЕ И РЕДАКЦИЯ на ЗАПИСА | |
| Създаване/Редакция | Създаване |
| Дата на регистрацията/редакция | 15.01.2003 |
| Служител, извършил регистрацията/редакцията | 30537 |
| Статус, дата на статуса | Грета Цуфелде |
| 944 ## - СЪЗДАВАНЕ И РЕДАКЦИЯ на ЗАПИСА | |
| Създаване/Редакция | Редакция |
| Дата на регистрацията/редакция | 04.10.2017 |
| Служител, извършил регистрацията/редакцията | Теодора_Стоянова |
| 999 ## - СИСТЕМНИ КОНТРОЛНИ НОМЕРА | |
| Koha biblionumber | 10610 |
| Koha biblioitemnumber | 10610 |
| Код за отписване | Код за изгубен артикул | Източник на класификационната схема | Код за повреда | Коз за рестрикции | Код за отдаване | Артикулен № | Име на библиотеката - собственик | Име на библиотеката, в която се намира в момента | Статус (Текущо местоположение) | Дата на вписване в системата | Местоположение - отдел | Цена в лева | Инвентарен номер | Систематично азбучна сигнатура | Баркод | Номер на екземпляра | Цена в евро | Служебна бележка | Служебен тип на артикула | Бележка за публиката |
|---|---|---|---|---|---|---|---|---|---|---|---|---|---|---|---|---|---|---|---|---|
| Не е изгубен | Universal Decimal Classification | Не е повреден | без рестрикции | ползва се в читалня | 18375 | Регионална библиотека "Любен Каравелов" Русе | Регионална библиотека "Любен Каравелов" Русе | Хранилище | 2001-01-01 | Хранилище | 0.75 | 622106 | Цб 188650 | 120000622106 | 1 | 0.38 | Вид: Д Дата: 01.01.1996 | Книги | ||
| Изтеглен | Не е изгубен | Не е повреден | без рестрикции | заемане за дома | 18376 | Регионална библиотека "Любен Каравелов" Русе | Регионална библиотека "Любен Каравелов" Русе | 1996-01-01 | Детски отдел | 0.75 | 620166 | ДХ 820/899/К 55 | 620166 | 2 | 0.38 | Вид: Сф Дата: 01.01.1996 Дата инв: 11.09.2015 Бележки инв: Д2015 | Книги | Отч.N: 37/17 , Дата: 06.09.2017 | ||
| Не е изгубен | Universal Decimal Classification | Не е повреден | без рестрикции | заемане за дома | 18377 | Регионална библиотека "Любен Каравелов" Русе | Регионална библиотека "Любен Каравелов" Русе | Детски отдел | 1996-01-01 | Детски отдел | 0.00 | 620167 | ДХ 820/899/К 55 | 120000620167 | 3 | 0.00 | Вид: Сф Дата: 01.01.1996 Дата инв: 07.08.2015 Бележки инв: Д2015 | Книги | ||
| Изтеглен | Не е изгубен | Universal Decimal Classification | Не е повреден | без рестрикции | заемане за дома | 18378 | Регионална библиотека "Любен Каравелов" Русе | Регионална библиотека "Любен Каравелов" Русе | Детски отдел | 1996-01-01 | Детски отдел | 0.75 | 620169 | ДХ 820/899/К 55 | 620169 | 4 | 0.38 | Вид: Сф Дата: 01.01.1996 Дата инв: 11.09.2015 Бележки инв: Д2015 | Книги |